Geography starting with L - Statistics

General Stats
  • This quiz has been taken 34 times
  • The average score is 7 of 10
Answer Stats
Letters Clue Answer % Correct
4 South American capital Lima
100%
10 France borders this country Luxembourg
100%
13 Country sandwiched between Austria and Switzerland Liechtenstein
91%
9 Baltic nation Lithuania
91%
6 Second most populated Pakistan city Lahore
81%
5 Largest island in Philippines Luzon
72%
7 Largest enclave,landlocked country Lesotho
66%
12 Crosses River Thames London Bridge
63%
8 African capital Lilongwe
47%
11 German state bordering Netherlands Lower Saxony
22%
No matching quizzes found
Score Distribution
Percent of People with Each Score
Percentile by Number Answered
Your Score History
You have not taken this quiz